[Event "Reykjavik op"]
[Site "Reykjavik"]
[Date "2024.03.16"]
[Round "2"]
[White "MacKinnon, Keith"]
[Black "Eliasson, Kristjan Orn"]
[Result "1-0"]
[WhiteElo "2142"]
[BlackElo "1902"]
[PlyCount "87"]
[EventDate "2024.03.15"]
[EventType "swiss"]
[EventRounds "9"]
[EventCountry "ISL"]
[SourceTitle "CBM 219 Extra"]
[Source "ChessBase"]
[SourceDate "2024.05.31"]
[SourceVersion "1"]
[SourceVersionDate "2024.05.31"]
[SourceQuality "1"]

1. e4 d6 2. d4 Nf6 3. Nc3 g6 4. h3 Bg7 5. Be3 c6 6. f4 Qa5 7. Bd3 e5 8. Nf3 Nbd7 9. 0-0 0-0 10. Qe1 exd4 11. Bxd4 Nc5 12. Qh4 Nxd3 13. cxd3 Qd8 14. g4 Nd7 15. Qf2 Bxd4 16. Nxd4 Nc5 17. Rad1 Kg7 18. f5 f6 19. b4 Na6 20. b5 cxb5 21. Ndxb5 Qa5 22. Qd4 Nb4 23. Qxd6 Qb6+ 24. d4 Nxa2 25. Nxa2 Qxb5 26. Rc1 Bd7 27. Rc7 Rf7 28. fxg6 hxg6 29. Nc3 Qd3 30. Rxd7 Rxd7 31. Qxd7+ Kh6 32. Qc7 Rc8 33. Qf4+ Kh7 34. Nd5 Qxd4+ 35. Kh1 Qd3 36. Nxf6+ Kg7 37. Nh5+ Kh7 38. Qf7+ Kh6 39. g5+ Kxh5 40. Qh7+ Kxg5 41. h4+ Kg4 42. Qxg6+ Kh3 43. Qg2+ Kxh4 44. Rf4+ 1-0

[Event "Banff op"]
[Site "Banff"]
[Date "2021.11.14"]
[Round "5"]
[White "MacKinnon, Keith"]
[Black "Plotkin, Mark"]
[Result "0-1"]
[WhiteElo "2153"]
[BlackElo "2396"]
[PlyCount "62"]
[EventDate "2021.11.12"]
[EventType "swiss"]
[EventRounds "6"]
[EventCountry "CAN"]
[SourceTitle "CBM 205 Extra"]
[Source "ChessBase"]
[SourceDate "2022.01.31"]
[SourceVersion "1"]
[SourceVersionDate "2022.01.31"]
[SourceQuality "1"]

1. c4 g6 2. Nc3 Bg7 3. d4 c5 4. d5 Bxc3+ 5. bxc3 f5 6. h4 Qa5 7. Bd2 Nf6 8. Nh3 d6 9. Nf4 Nbd7 10. Qb3 Ne5 11. e3 0-0 12. Be2 Ne4 13. Bd1 Bd7 14. f3 Nxd2 15. Kxd2 b5 16. cxb5 Bxb5 17. Be2 Bxe2 18. Kxe2 Rab8 19. Qc2 Nc4 20. Nd3 Rb6 21. Rhe1 Rfb8 22. Kf1 Na3 23. Qc1 Rb1 24. Rxb1 Rxb1 25. Qd2 Nc4 26. Qe2 Rxe1+ 27. Kxe1 Qxc3+ 28. Kf2 a5 29. e4 Qd4+ 30. Kg3 Ne3 31. Kf4 Nxd5+ 0-1

[Event "Banff op"]
[Site "Banff"]
[Date "2021.11.13"]
[Round "4"]
[White "MacKinnon, Keith"]
[Black "Plotkin, Victor"]
[Result "1/2-1/2"]
[WhiteElo "2153"]
[BlackElo "2302"]
[PlyCount "35"]
[EventDate "2021.11.12"]
[EventType "swiss"]
[EventRounds "6"]
[EventCountry "CAN"]
[SourceTitle "CBM 205 Extra"]
[Source "ChessBase"]
[SourceDate "2022.01.31"]
[SourceVersion "1"]
[SourceVersionDate "2022.01.31"]
[SourceQuality "1"]

1. c4 Nf6 2. Nf3 e6 3. Nc3 d5 4. e3 Be7 5. b3 0-0 6. Bb2 b6 7. cxd5 exd5 8. d4 c5 9. Bd3 Nc6 10. 0-0 cxd4 11. exd4 Bg4 12. Be2 Ne4 13. Rc1 Bxf3 14. Bxf3 Nxc3 15. Rxc3 Qd6 16. a3 Bf6 17. Rc2 Rfe8 18. Qd3 1/2-1/2

[Event "Victoria British Columbia-Washington m"]
[Site "Victoria"]
[Date "2019.01.18"]
[Round "1.4"]
[White "Velea, Anne Marie"]
[Black "MacKinnon, Keith"]
[Result "0-1"]
[WhiteElo "2052"]
[BlackElo "2279"]
[PlyCount "118"]
[EventDate "2019.01.18"]
[EventType "team"]
[EventRounds "5"]
[EventCountry "CAN"]
[SourceTitle "EXT 2022"]
[Source "ChessBase"]
[SourceDate "2021.10.06"]
[SourceVersion "1"]
[SourceVersionDate "2021.10.06"]
[SourceQuality "1"]
[WhiteTeam "WA"]
[BlackTeam "BC"]
[WhiteTeamCountry "CAN"]
[BlackTeamCountry "CAN"]

1. e4 d5 2. exd5 Qxd5 3. Nc3 Qd6 4. d4 Nf6 5. Bc4 a6 6. Nf3 b5 7. Bd3 Bb7 8. Qe2 Nbd7 9. Ne4 Qb6 10. c3 e6 11. Bf4 Nd5 12. Bg3 c5 13. dxc5 Nxc5 14. Nxc5 Bxc5 15. Nd2 0-0 16. Ne4 Be7 17. f3 f5 18. Nd2 Rae8 19. 0-0-0 Bg5 20. Bf2 Qa5 21. Kb1 Nf4 22. Qf1 Nxd3 23. Qxd3 Bd5 24. Nb3 Qa4 25. Qc2 Rc8 26. Nc1 Qa5 27. Nb3 Qa4 28. Nc1 Qc4 29. Qe2 Bxc1 30. Qxc4 Bxc4 31. Rxc1 Bd3+ 32. Ka1 e5 33. Rcd1 e4 34. fxe4 fxe4 35. Be3 Rf5 36. Rhe1 Rc6 37. Rd2 Rg6 38. Red1 Rg4 39. b3 Rh5 40. g3 Rg6 41. Rf2 Rd5 42. Rdd2 Rc6 43. Kb2 Rd7 44. a3 a5 45. Rd1 a4 46. b4 Rf7 47. Rdd2 Rfc7 48. Bd4 e3 49. Bxe3 Rxc3 50. Bc5 Rb3+ 51. Ka2 h6 52. Rf3 Bb1+ 53. Ka1 Rxf3 54. Kxb1 Rxa3 55. Rd6 Rc3 56. Rb6 Rb3+ 57. Ka2 Rd7 58. Rxb5 Rd2+ 59. Ka1 Rf3 0-1

[Event "Victoria Grand Pacific op"]
[Site "Victoria"]
[Date "2018.03.31"]
[Round "3.2"]
[White "Kaufman, Raymond"]
[Black "MacKinnon, Keith"]
[Result "1/2-1/2"]
[WhiteElo "2323"]
[BlackElo "2280"]
[PlyCount "45"]
[EventDate "2018.03.30"]
[EventType "swiss"]
[EventRounds "6"]
[EventCountry "CAN"]
[SourceTitle "EXT 2022"]
[Source "ChessBase"]
[SourceDate "2021.10.06"]
[SourceVersion "1"]
[SourceVersionDate "2021.10.06"]
[SourceQuality "1"]

1. d4 Nf6 2. Nf3 e6 3. Bg5 h6 4. Bh4 b6 5. e3 Bb7 6. Bd3 d6 7. 0-0 Nbd7 8. Qe2 g5 9. Bg3 Ne4 10. Nfd2 Nxg3 11. fxg3 Bg7 12. c3 Qe7 13. Ba6 Bxa6 14. Qxa6 0-0 15. a4 e5 16. Qd3 Rae8 17. a5 exd4 18. exd4 Qe2 19. Qxe2 Rxe2 20. axb6 axb6 21. Ra7 Rc8 22. Rf2 Re1+ 23. Rf1 1/2-1/2

[Event "Victoria Grand Pacific op"]
[Site "Victoria"]
[Date "2018.03.30"]
[Round "1.8"]
[White "Freeze, Gregory"]
[Black "MacKinnon, Keith"]
[Result "0-1"]
[WhiteElo "1900"]
[BlackElo "2280"]
[PlyCount "70"]
[EventDate "2018.03.30"]
[EventType "swiss"]
[EventRounds "6"]
[EventCountry "CAN"]
[SourceTitle "EXT 2022"]
[Source "ChessBase"]
[SourceDate "2021.10.06"]
[SourceVersion "1"]
[SourceVersionDate "2021.10.06"]
[SourceQuality "1"]

1. d4 Nf6 2. Nc3 d5 3. Bf4 e6 4. Nb5 Na6 5. e3 c6 6. Nc3 b5 7. a3 b4 8. axb4 Nxb4 9. Bd3 a5 10. Nge2 Nxd3+ 11. cxd3 Bb4 12. 0-0 0-0 13. Ng3 Ba6 14. Be5 Nd7 15. Bf4 Re8 16. Nge2 e5 17. dxe5 Nxe5 18. Bxe5 Rxe5 19. Nd4 Qf6 20. Nce2 Re7 21. Qc2 Rc7 22. Rfc1 c5 23. Nf4 Rd7 24. Nf3 d4 25. Rd1 Re8 26. Qc1 dxe3 27. fxe3 h6 28. e4 Bb7 29. Nh5 Qa6 30. Qe3 c4 31. dxc4 Rxe4 32. Qf2 Qxc4 33. Rxd7 Bc5 34. Nd4 Bxd4 35. Nf6+ gxf6 0-1

[Event "British Columbia op"]
[Site "Richmond"]
[Date "2018.02.11"]
[Round "4.2"]
[White "MacKinnon, Keith"]
[Black "Sohal, Tanraj"]
[Result "1-0"]
[WhiteElo "2262"]
[BlackElo "2373"]
[PlyCount "125"]
[EventDate "2018.02.10"]
[EventType "swiss"]
[EventRounds "6"]
[EventCountry "CAN"]
[SourceTitle "EXT 2022"]
[Source "ChessBase"]
[SourceDate "2021.10.06"]
[SourceVersion "1"]
[SourceVersionDate "2021.10.06"]
[SourceQuality "1"]

1. e4 c5 2. Nf3 e6 3. d4 cxd4 4. Nxd4 Nf6 5. Nc3 Nc6 6. Ndb5 d6 7. Bf4 e5 8. Bg5 a6 9. Na3 b5 10. Nd5 Be7 11. Bxf6 Bxf6 12. c4 b4 13. Nc2 Rb8 14. b3 Bg5 15. g3 0-0 16. h4 Bh6 17. Bh3 Be6 18. Kf1 Qd7 19. Kg2 a5 20. Qf3 Kh8 21. Rad1 Qa7 22. Nce3 Bxe3 23. Qxe3 Qe7 24. Rd3 Nd8 25. Rhd1 Nb7 26. f3 Bxh3+ 27. Kxh3 f5 28. exf5 Rxf5 29. Kg2 Rbf8 30. Qe2 Qf7 31. Rf1 Qg6 32. Ne3 R5f7 33. Rd5 Nc5 34. Qd1 Rf6 35. h5 Qxh5 36. Rxd6 Qg6 37. Rxf6 Qxf6 38. Qd5 Qe7 39. Ng4 Rd8 40. Qc6 h6 41. Rf2 Nd3 42. Re2 Qg5 43. Qc7 Rf8 44. Qd6 Rd8 45. Qb6 Rf8 46. Qe3 Qf5 47. Qe4 Qxe4 48. Rxe4 Rd8 49. Re2 Kh7 50. Nf2 Kg6 51. Ne4 Kf5 52. Kf1 Nc1 53. Rc2 Rd1+ 54. Kf2 g5 55. c5 g4 56. c6 gxf3 57. c7 Kxe4 58. Rc4+ Rd4 59. Rxc1 Rd2+ 60. Kf1 Rh2 61. Re1+ Kd3 62. c8Q Rh1+ 63. Kf2 1-0

[Event "Edmonton WBX tt"]
[Site "Edmonton"]
[Date "2016.12.17"]
[Round "2"]
[White "Kalisvaart, Peter"]
[Black "MacKinnon, Keith"]
[Result "1/2-1/2"]
[WhiteElo "2105"]
[BlackElo "2178"]
[PlyCount "84"]
[EventDate "2016.12.17"]
[EventType "team-swiss"]
[EventRounds "5"]
[EventCountry "CAN"]
[SourceTitle "EXT 2019"]
[Source "ChessBase"]
[SourceDate "2018.10.10"]
[SourceVersion "1"]
[SourceVersionDate "2018.10.10"]
[SourceQuality "1"]

1. d4 Nf6 2. Bg5 c6 3. Nc3 d5 4. Bxf6 exf6 5. Nf3 Bb4 6. Qd3 0-0 7. a3 Bd6 8. g3 f5 9. Bg2 Nd7 10. 0-0 Nf6 11. Nd1 Re8 12. c4 dxc4 13. Qxc4 Be6 14. Qc2 g6 15. Nc3 Rc8 16. Rac1 Nd5 17. Ne5 f6 18. Nd3 Nxc3 19. Qxc3 Bf7 20. e3 Bf8 21. Rfd1 Kg7 22. Nc5 Qe7 23. b4 Red8 24. h4 Bd5 25. Bxd5 Rxd5 26. Nd3 Re8 27. Nf4 Rd7 28. d5 cxd5 29. Rxd5 Red8 30. Rcd1 Rxd5 31. Nxd5 Qe5 32. Qc4 Rd7 33. Qc8 Qe6 34. Rd4 Qc6 35. Qxc6 bxc6 36. Nc3 Rb7 37. Rc4 Rb6 38. Ne2 Ra6 39. Rc3 Ra4 40. Nd4 a5 41. bxa5 Bxa3 42. Rxc6 Rxa5 1/2-1/2

[Event "Edmonton Fall-A"]
[Site "Edmonton"]
[Date "2016.10.30"]
[Round "4"]
[White "Villavieja, Butch"]
[Black "MacKinnon, Keith"]
[Result "0-1"]
[WhiteElo "2132"]
[BlackElo "2208"]
[PlyCount "88"]
[EventDate "2016.10.29"]
[EventType "tourn"]
[EventRounds "5"]
[EventCountry "CAN"]
[SourceTitle "EXT 2019"]
[Source "ChessBase"]
[SourceDate "2018.10.10"]
[SourceVersion "1"]
[SourceVersionDate "2018.10.10"]
[SourceQuality "1"]

1. e4 d5 2. exd5 Qxd5 3. Nc3 Qd6 4. d4 Nf6 5. Nf3 c6 6. g3 Bg4 7. Bg2 e6 8. 0-0 Nbd7 9. Bf4 Qb4 10. Qd2 Be7 11. a3 Qa5 12. b4 Qh5 13. Ne5 Bh3 14. Bf3 Qf5 15. Nxd7 Kxd7 16. Bg2 Bxg2 17. Kxg2 Nd5 18. Ne2 Nxf4+ 19. Qxf4 Qxc2 20. Rfe1 Qf5 21. Qe3 a5 22. b5 Qxb5 23. Rab1 Qd5+ 24. f3 b5 25. Nc3 Qc4 26. d5 cxd5 27. Nxd5 Bc5 28. Qe5 exd5 29. Rbc1 Qd4 30. Qf5+ Kc6 31. Qxf7 Rhd8 32. Rc2 Rd7 33. Qf5 g6 34. Qe6+ Rd6 35. Qf7 Rc8 36. a4 b4 37. Re7 Qd3 38. Rce2 Qf5 39. Qxh7 Rf6 40. f4 Bxe7 41. Qxe7 Rc7 42. Qe8+ Kb7 43. Re5 Qd7 44. Qg8 Rc8 0-1

[Event "Alberta O1800"]
[Site "Edmonton"]
[Date "2016.08.27"]
[Round "3"]
[White "MacKinnon, Keith"]
[Black "Tran Ly, Tristan"]
[Result "1-0"]
[WhiteElo "2197"]
[BlackElo "1957"]
[PlyCount "83"]
[EventDate "2016.08.27"]
[EventType "swiss"]
[EventRounds "5"]
[EventCountry "CAN"]
[SourceTitle "EXT 2017"]
[Source "ChessBase"]
[SourceDate "2016.10.25"]
[SourceVersion "1"]
[SourceVersionDate "2016.10.25"]
[SourceQuality "1"]

1. e4 c5 2. Nf3 g6 3. d4 cxd4 4. Nxd4 Nc6 5. Nc3 Bg7 6. Be3 Nf6 7. Bc4 0-0 8. Bb3 d6 9. f3 Bd7 10. Qd2 Nxd4 11. Bxd4 b5 12. 0-0 a5 13. a3 Qc7 14. Rf2 e5 15. Be3 Bc6 16. Rd1 Rfd8 17. Bg5 Qb7 18. Qe3 Rab8 19. Rfd2 Qc7 20. Qf2 h6 21. Be3 b4 22. axb4 axb4 23. Na2 Bf8 24. Qg3 Kh7 25. Qh4 Nh5 26. g4 Nf4 27. Qf6 Be8 28. Qh4 Be7 29. Qg3 Bg5 30. Kh1 Qe7 31. Nc1 Bh4 32. Qg1 Qf6 33. Ba7 Ra8 34. Bb6 Bb5 35. Bxd8 Rxd8 36. Nd3 Nxd3 37. cxd3 Qxf3+ 38. Qg2 Qe3 39. Bxf7 Rf8 40. Bc4 Bd7 41. Rf1 Qxd2 42. Rxf8 1-0

[Event "Montreal McGill Cup"]
[Site "Montreal"]
[Date "2016.04.30"]
[Round "2"]
[White "Hirschberg, Valerian"]
[Black "MacKinnon, Keith"]
[Result "1-0"]
[WhiteElo "2317"]
[BlackElo "2194"]
[PlyCount "95"]
[EventDate "2016.04.29"]
[EventType "swiss"]
[EventRounds "5"]
[EventCountry "CAN"]
[SourceTitle "CBM 172 Extra"]
[Source "ChessBase"]
[SourceDate "2016.06.21"]
[SourceVersion "1"]
[SourceVersionDate "2016.06.21"]
[SourceQuality "1"]

1. Nf3 d5 2. g3 Bg4 3. Bg2 Nf6 4. c4 Nc6 5. cxd5 Nxd5 6. 0-0 e5 7. d3 Be7 8. Nc3 Be6 9. d4 Nxc3 10. bxc3 e4 11. Nd2 f5 12. e3 0-0 13. c4 Nb4 14. Bb2 c6 15. Bc3 Qd7 16. a3 Na6 17. f3 exf3 18. Qxf3 Bf6 19. Rab1 Rae8 20. Bb4 Be7 21. Bxe7 Qxe7 22. Rb3 Bc8 23. Qf2 Rf6 24. Nf3 Nb8 25. Qd2 Qd8 26. Rd1 Nd7 27. Ne1 Nb6 28. Rc3 Be6 29. d5 cxd5 30. cxd5 Bf7 31. Nc2 Rd6 32. Rc5 Na4 33. Rb5 Qc7 34. Nd4 a6 35. Rb4 Qd7 36. Nxf5 Rf6 37. Bh3 Kh8 38. Qd4 Bg6 39. e4 b5 40. Rf1 Bxf5 41. Bxf5 Qe7 42. Rbb1 Qxa3 43. e5 Nc3 44. Rbe1 Qb2 45. Qd3 Rh6 46. Rf2 Qb4 47. Rc1 Na4 48. e6 1-0

[Event "CAN-ch University"]
[Site "Kingston"]
[Date "2016.01.09"]
[Round "2"]
[White "MacKinnon, Keith"]
[Black "Marin, Sam"]
[Result "0-1"]
[WhiteElo "2280"]
[BlackElo "2047"]
[PlyCount "54"]
[EventDate "2016.01.09"]
[EventType "swiss"]
[EventRounds "5"]
[EventCountry "CAN"]
[SourceTitle "EXT 2022"]
[Source "ChessBase"]
[SourceDate "2021.10.06"]
[SourceVersion "1"]
[SourceVersionDate "2021.10.06"]
[SourceQuality "1"]

1. e4 e5 2. Nf3 d6 3. d4 exd4 4. Nxd4 Nf6 5. Nc3 Be7 6. Bf4 Nc6 7. Qd2 a6 8. 0-0-0 0-0 9. f3 Ne5 10. Qf2 b5 11. Bxe5 dxe5 12. Nc6 Qe8 13. Nxe5 b4 14. Nd5 Nxd5 15. Rxd5 Be6 16. Ra5 Bf6 17. Nd3 Qd8 18. Nc5 Bd4 19. Nxe6 fxe6 20. Qe1 c5 21. Rxa6 Qf6 22. c3 bxc3 23. b3 Rxa6 24. Bxa6 Qg5+ 25. Kd1 Qxg2 26. Be2 Bf2 27. Qf1 Qg5 0-1

[Event "Montreal-ch op"]
[Site "Montreal"]
[Date "2015.09.13"]
[Round "5"]
[White "Turcotte, Jonathan"]
[Black "MacKinnon, Keith"]
[Result "0-1"]
[WhiteElo "1987"]
[BlackElo "2197"]
[PlyCount "46"]
[EventDate "2015.09.11"]
[EventType "swiss"]
[EventRounds "5"]
[EventCountry "CAN"]
[SourceTitle "EXT 2016"]
[Source "ChessBase"]
[SourceDate "2015.10.08"]
[SourceVersion "1"]
[SourceVersionDate "2015.10.08"]
[SourceQuality "1"]

1. d4 Nf6 2. Nf3 e6 3. c4 b6 4. g3 Ba6 5. Qc2 Bb4+ 6. Bd2 Be7 7. Bg2 0-0 8. Ne5 c6 9. b3 d5 10. Bc3 Nfd7 11. Nxd7 Nxd7 12. Nd2 Rc8 13. Qb2 b5 14. c5 e5 15. b4 e4 16. Nb3 f5 17. Bd2 Rf7 18. h4 Nf8 19. Qa3 Bb7 20. Qxa7 Bf6 21. e3 Ra8 22. Qb6 Qc8 23. Na5 Bd8 0-1

[Event "Montreal-ch op"]
[Site "Montreal"]
[Date "2015.09.12"]
[Round "3"]
[White "Tremblay, Alain"]
[Black "MacKinnon, Keith"]
[Result "1/2-1/2"]
[WhiteElo "2037"]
[BlackElo "2197"]
[PlyCount "105"]
[EventDate "2015.09.11"]
[EventType "swiss"]
[EventRounds "5"]
[EventCountry "CAN"]
[SourceTitle "EXT 2016"]
[Source "ChessBase"]
[SourceDate "2015.10.08"]
[SourceVersion "1"]
[SourceVersionDate "2015.10.08"]
[SourceQuality "1"]

1. d4 Nf6 2. Nf3 e6 3. Bf4 b6 4. e3 Bb7 5. Nbd2 Be7 6. h3 0-0 7. Bd3 c5 8. c3 Nc6 9. 0-0 Rc8 10. Re1 d6 11. Qb1 Re8 12. a4 h6 13. Rd1 Bf8 14. dxc5 e5 15. Bg3 bxc5 16. e4 Rb8 17. Qc2 g6 18. Re1 Bg7 19. Rad1 Nh5 20. Bh2 Qf6 21. Bc4 Nf4 22. Bxf4 exf4 23. Bd5 Rbd8 24. Qb3 Rd7 25. Qb5 a6 26. Qb6 Qd8 27. Qxd8 Rexd8 28. Nc4 Kf8 29. Rd2 Rb8 30. Red1 Ke7 31. Nb6 Rdd8 32. Nc4 Bf8 33. Kf1 Kf6 34. Ke2 a5 35. Ke1 Ke7 36. Kf1 Ba6 37. Kg1 Bg7 38. Kh1 h5 39. Kg1 Bxc4 40. Bxc4 Rb6 41. Ng5 Ne5 42. Bb5 Bh6 43. Nf3 Nxf3+ 44. gxf3 Bg7 45. Rd5 Rc8 46. R1d2 Be5 47. Rd1 Rc7 48. Kg2 Rb8 49. Rg1 Ke6 50. Kf1 Rg8 51. Ke2 g5 52. Rg2 Rg6 53. Rd1 1/2-1/2

[Event "Francophone-ch 3rd"]
[Site "Montreal"]
[Date "2015.07.24"]
[Round "8"]
[White "MacKinnon, Keith"]
[Black "Villegas, Pierre"]
[Result "0-1"]
[WhiteElo "2198"]
[BlackElo "2323"]
[PlyCount "58"]
[EventDate "2015.07.17"]
[EventType "swiss"]
[EventRounds "9"]
[EventCountry "CAN"]
[SourceTitle "EXT 2016"]
[Source "ChessBase"]
[SourceDate "2015.10.08"]
[SourceVersion "1"]
[SourceVersionDate "2015.10.08"]
[SourceQuality "1"]

1. e4 c6 2. Nc3 d5 3. Nf3 Bg4 4. h3 Bxf3 5. Qxf3 Nf6 6. d3 e6 7. Bd2 Bb4 8. 0-0-0 d4 9. Nb1 Bxd2+ 10. Nxd2 Qc7 11. g4 Nbd7 12. g5 Ne5 13. Qe2 Nfd7 14. h4 h6 15. Bh3 Ng6 16. Kb1 Nde5 17. Rdg1 hxg5 18. hxg5 Nf4 19. Qf1 0-0-0 20. Rg3 Rh5 21. Rhg1 Kb8 22. Bg2 Rdh8 23. Bf3 Rh2 24. Bd1 c5 25. Nf3 Nxf3 26. Bxf3 e5 27. Rh1 Qa5 28. Qd1 Rxh1 29. Bxh1 Ne2 0-1

[Event "Laval op"]
[Site "Laval"]
[Date "2015.06.21"]
[Round "5"]
[White "MacKinnon, Keith"]
[Black "Sprumont, Oscar"]
[Result "1-0"]
[WhiteElo "2198"]
[BlackElo "1975"]
[PlyCount "35"]
[EventDate "2015.06.19"]
[EventType "swiss"]
[EventRounds "5"]
[EventCountry "CAN"]
[SourceTitle "EXT 2019"]
[Source "ChessBase"]
[SourceDate "2018.10.10"]
[SourceVersion "1"]
[SourceVersionDate "2018.10.10"]
[SourceQuality "1"]

1. e4 e6 2. d4 d5 3. Nd2 c5 4. exd5 Qxd5 5. Ngf3 cxd4 6. Bc4 Qd6 7. Qe2 Nf6 8. Nb3 Nc6 9. Bg5 Be7 10. 0-0-0 e5 11. Rhe1 Bg4 12. Bb5 Nd7 13. Bxe7 Qxe7 14. Nbxd4 0-0 15. Nxc6 bxc6 16. Bxc6 f6 17. Bxa8 Rxa8 18. Qe4 1-0

[Event "McGill op"]
[Site "Montreal"]
[Date "2015.05.01"]
[Round "1"]
[White "Chevalier, Francois"]
[Black "MacKinnon, Keith"]
[Result "0-1"]
[WhiteElo "1847"]
[BlackElo "2186"]
[PlyCount "82"]
[EventDate "2015.05.01"]
[EventType "swiss"]
[EventRounds "5"]
[EventCountry "CAN"]
[SourceTitle "EXT 2019"]
[Source "ChessBase"]
[SourceDate "2018.10.10"]
[SourceVersion "1"]
[SourceVersionDate "2018.10.10"]
[SourceQuality "1"]

1. d4 Nf6 2. Nf3 e6 3. e3 c5 4. Bd3 Nc6 5. c3 Be7 6. 0-0 0-0 7. Nbd2 d6 8. a3 a6 9. e4 b5 10. b4 c4 11. Bc2 e5 12. d5 Nb8 13. a4 Bb7 14. axb5 axb5 15. Rxa8 Bxa8 16. Re1 Re8 17. Nf1 Bf8 18. Bg5 Nbd7 19. Qe2 h6 20. Bd2 Qb8 21. Ra1 Be7 22. Ng3 Bd8 23. Nf5 Bb7 24. h3 Nf8 25. Be3 Bc8 26. g4 Ng6 27. Qd2 h5 28. Nh2 hxg4 29. hxg4 Nh7 30. Nf3 Bb6 31. Kg2 Bxe3 32. fxe3 Rd8 33. Kg3 Rd7 34. Rh1 Ra7 35. Rxh7 Kxh7 36. Qh2+ Kg8 37. Ng5 Nf8 38. Qh5 Bxf5 39. exf5 Qd8 40. f6 g6 41. Bxg6 fxg6 0-1